[Event "Tourn. n8930"]
[Site "www.chess-mail.com"]
[Date "2016.10.01"]
[Round "1"]
[White "Darko10"]
[Black "Tartan"]
[WhiteElo "2640"]
[BlackElo "2410"]
[Result "1-0"]
[Round "1"]
1.e4 c5
2.Ng1f3 e6
3.d4 cxd4
4.Nf3xd4 Nb8c6
5.Nb1c3 a6
6.Bc1f4 d6
7.Nd4xc6 bxc6
8.Qd1d2 e5
9.Bf4g5 Ng8f6
10.O-O-O Ra8b8
11.Bf1c4 Qd8b6
12.Bc4b3 Bf8e7
13.Bg5xf6 gxf6
14.Rh1f1 Rh8g8
15.Qd2h6 Rg8xg2
16.Qh6h5 { resign }
1-0

[Event "Tourn. n8850"]
[Site "www.chess-mail.com"]
[Date "2016.10.01"]
[Round "1"]
[White "Julian"]
[Black "Andychesston"]
[WhiteElo "2060"]
[BlackElo "2010"]
[Result "0-1"]
[Round "1"]
1.e4 e5
2.Ng1f3 Nb8c6
3.Bf1b5 d6
4.d4 Bc8g4
5.dxe5 dxe5
6.Qd1xd8 Ra8xd8
7.Nb1d2 Bf8d6
8.O-O Ng8e7
9.h3 Bg4h5
10.g4 Bh5g6
11.Nf3h4 O-O
12.Nh4xg6 fxg6
13.Nd2c4 Nc6d4
14.Nc4xd6 cxd6
15.Bb5d3 Rf8f3
16.Kg2 Rd8f8
17.Bc1e3 Ne7c6
18.c3 Nd4e6
19.Bd3e2 Rf3f7
20.Ra1d1 Rf8d8
21.Kg3 a6
22.h4 b5
23.f4 exf4
24.Be3xf4 Ne6xf4
25.Rf1xf4 Rf7xf4
26.Kxf4 h6
27.Rd1d2 Nc6e5
28.Be2d1 Kf7
29.Bd1b3 Ke7
30.h5 Rd8f8
31.Kg3 g5
32.Bb3d5 Rf8f3
33.Kg2 Rf3f4
34.b3 Rf4xg4
35.Kf2 Rg4h4
36.c4 Rh4xh5
37.Kg3 Rh5h1
38.cxb5 axb5
39.a4 bxa4
40.bxa4 Rh1a1
41.Rd2d4 h5
42.Rd4b4 h4
43.Kh3 Ra1a3
44.Kg2 g4
45.Rb4b7 Kf6
46.Rb7b4 h3
47.Kh1 g3
48.Kg1 Ra3a1
{ resign }
0-1

[Event "Tourn. n8874"]
[Site "www.chess-mail.com"]
[Date "2016.10.01"]
[Round "1"]
[White "Kampungboy"]
[Black "Greghghs"]
[WhiteElo "2290"]
[BlackElo "2300"]
[Result "1-0"]
[Round "1"]
1.c4 e5
2.g3 Ng8f6
3.Bf1g2 d5
4.cxd5 Nf6xd5
5.Nb1c3 Nd5b6
6.Ng1f3 Nb8c6
7.O-O Bf8e7
8.a3 O-O
9.b4 Rf8e8
10.Ra1b1 Be7f8
11.d3 Nc6d4
12.Nf3e1 c6
13.e3 Nd4e6
14.Ne1f3 Ne6c7
15.Qd1c2 Nb6d5
16.Nc3e2 a5
17.e4 Nd5f6
18.d4 exd4
19.Nf3xd4 Bc8e6
20.bxa5 Qd8c8
21.Nd4xe6 Nc7xe6
22.Bc1d2 Bf8xa3
23.e5 Nf6d7
24.f4 Ba3c5
25.Kh1 Ne6d4
26.Ne2xd4 Bc5xd4
27.Rf1d1 Nd7f8
28.Bd2b4 Bd4a7
29.a6 bxa6
30.Bb4d6 Qc8g4
31.Qc2d3 { resign }
1-0

[Event "Match"]
[Site "www.echecsemail.com"]
[Date "2016.10.01"]
[Round "1"]
[White "Ditto"]
[Black "Susov"]
[WhiteElo "1840"]
[BlackElo "1900"]
[Result "0-1"]
[Round "1"]
1.e4 e5
2.Ng1f3 Nb8c6
3.Bf1b5 d6
4.Nb1c3 Ng8f6
5.d3 Bc8g4
6.Bc1e3 Qd8d7
7.d4 a6
8.Bb5a4 b5
9.Ba4b3 Nc6a5
10.dxe5 Na5xb3
11.axb3 dxe5
12.Qd1xd7 Nf6xd7
13.Nf3d2 Bg4e6
14.b4 Bf8xb4
15.O-O Bb4xc3
16.bxc3 O-O
17.f4 Rf8d8
18.f5 Be6c4
19.Rf1f3 Nd7f6
20.Rf3g3 Nf6h5
21.Rg3f3 a5
22.Be3g5 f6
23.Bg5e3 a4
24.Rf3h3 Nh5f4
25.Be3xf4 exf4
26.Nd2f3 Rd8e8
27.Ra1e1 a3
28.Nf3d4 a2
29.Re1a1 Re8xe4
30.Nd4c6 Re4e2
31.Nc6d4 Re2e3
32.Rh3f3 c5
33.Nd4c6 Ra8a3
34.Rf3xf4 Ra3xc3
35.Ra1d1 h6
36.Nc6a5 Rc3xc2
37.Na5b7 Re3a3
38.Nb7xc5 a1Q
{ resign }
0-1

[Event "Match"]
[Site "www.echecsemail.com"]
[Date "2016.10.01"]
[Round "1"]
[White "Manuelito"]
[Black "Caspito"]
[WhiteElo "1599"]
[BlackElo "1830"]
[Result "1-0"]
[Round "1"]
1.d4 Ng8f6
2.e3 g6
3.c4 c6
4.Nb1c3 d5
5.Ng1f3 Bc8g4
6.h3 Bg4f5
7.cxd5 cxd5
8.Bf1d3 Bf5xd3
9.Qd1xd3 Bf8g7
10.O-O O-O
11.a3 a6
12.b4 b5
13.Bc1b2 Nb8c6
14.Ra1c1 a5
15.Qd3xb5 axb4
16.axb4 Qd8d7
17.Nc3xd5 Nf6xd5
18.Qb5xc6 Qd7xc6
19.Rc1xc6 Nd5xb4
20.Rc6b6 Nb4d3
21.Bb2c3 Ra8a3
22.Bc3b4 Ra3a2
23.Bb4xe7 Rf8e8
24.Be7d6 Bg7h6
25.Rb6b3 Nd3b2
26.Rf1b1 Nb2c4
27.Bd6g3 Bh6g7
28.Rb3b4 Nc4xe3
29.fxe3 Re8xe3
30.Rb1f1 Re3d3
31.Bg3f2 Bg7h6
32.Rb4b1 Kg7
33.Rb1b8 Bh6f4
34.Rb8d8 h5
35.d5 Kf6
36.Bf2c5 g5
37.d6 g4
38.hxg4 hxg4
39.Nf3h2 Kf5
40.Rd8f8 f6
41.Nh2xg4 Kg5
42.Ng4xf6 Rd3d2
43.Nf6e4 { resign }
1-0

[Event "Tourn. n8960"]
[Site "www.chess-mail.com"]
[Date "2016.10.02"]
[Round "1"]
[White "4m6az"]
[Black "Wwgia"]
[WhiteElo "2040"]
[BlackElo "2110"]
[Result "0-1"]
[Round "1"]
1.c4 e5
2.Ng1f3 e4
3.Nf3d4 Ng8f6
4.d3 exd3
5.exd3 d5
6.Nd4f3 Bf8e7
7.Nf3e5 O-O
 { time }
0-1

[Event "Tourn. n8974"]
[Site "www.chess-mail.com"]
[Date "2016.10.02"]
[Round "1"]
[White "Manuelito"]
[Black "Vasylpuzanov"]
[WhiteElo "1599"]
[BlackElo "1740"]
[Result "1-0"]
[Round "1"]
1.d4 d5
2.Ng1f3 Ng8f6
3.e3 Bc8g4
4.h3 Bg4h5
5.g4 Bh5g6
6.Bf1g2 e6
7.Nb1c3  { time }
1-0

[Event "Tourn. n8921"]
[Site "www.chess-mail.com"]
[Date "2016.10.02"]
[Round "1"]
[White "Krystek23"]
[Black "Seger"]
[WhiteElo "2320"]
[BlackElo "2770"]
[Result "0-1"]
[Round "1"]
1.Ng1f3 Ng8f6
2.c4 e6
3.Nb1c3 Bf8b4
4.d4 b6
5.Qd1b3 c5
6.Bc1d2 O-O
7.dxc5 Bb4xc5
8.Bd2f4 Bc8b7
9.e3 Nf6h5
10.Bf4g5 f6
11.Bg5h4 g5
12.Bh4g3 Nb8c6
13.Qb3d1 Qd8e7
14.a3 f5
15.Nf3g1 Nh5f6
16.Ng1e2 f4
17.exf4 d5
18.f3 dxc4
19.fxg5 Ra8d8
20.Qd1c1 Nf6d5
21.h4 Nc6a5
22.Nc3xd5 exd5
23.g6 Bc5e3
24.gxh7 Kh8
25.Qc1c3 d4
26.Qc3b4 Qe7e6
27.Qb4b5 Rf8f5
28.Qb5b4 Na5b3
29.Ra1d1 d3
30.Qb4c3 Kxh7
31.Bg3c7 d2
32.Rd1xd2 Rd8xd2
33.Bc7f4 Rf5xf4
{ resign }
0-1

[Event "Tourn. n8883"]
[Site "www.chess-mail.com"]
[Date "2016.10.02"]
[Round "1"]
[White "Falcoale"]
[Black "Passaroa25"]
[WhiteElo "1490"]
[BlackElo "1570"]
[Result "1-0"]
[Round "1"]
1.e4 c6
2.Ng1f3 d6
3.d4 f6
4.Nb1c3 Bc8e6
5.Bf1d3 Be6f7
6.O-O Nb8d7
7.Rf1e1 e6
8.d5 Nd7c5
9.dxe6 Nc5xe6
10.b3 Ng8e7
11.Bc1b2 Ne7g6
12.Nf3d2 Bf8e7
13.Nc3e2 O-O
14.Ne2g3 Ng6f4
15.Bd3f1 g6
16.Ng3e2 b5
17.Ne2xf4 Ne6xf4
18.g3 Nf4h5
19.Bf1e2 Qd8d7
20.Be2xh5 gxh5
21.f4 a5
22.c4 b4
23.Nd2f3 c5
24.e5 Kg7
25.Qd1c2 Bf7g6
26.Qc2e2 Qd7e6
27.exf6 Qe6xf6
28.Bb2xf6 Be7xf6
29.Ra1d1 Ra8e8
30.Qe2g2 Bg6c2
31.Qg2xc2 Re8xe1
32.Rd1xe1 Bf6d4
33.Nf3xd4 cxd4
34.Re1e7 Rf8f7
35.Re7xf7 Kxf7
36.Qc2xh7 Ke6
37.Qh7xh5 Kd7
38.Qh5xa5 d3
39.Qa5xb4 Ke6
40.Qb4d2 { resign }
1-0

[Event "Tourn. n8832"]
[Site "www.chess-mail.com"]
[Date "2016.10.02"]
[Round "1"]
[White "Wegaman"]
[Black "Julian"]
[WhiteElo "1900"]
[BlackElo "2060"]
[Result "1/2-1/2"]
[Round "1"]
1.d4 d5
2.c4 e6
3.Nb1c3 Ng8f6
4.Bc1g5 Bf8e7
5.Ng1f3 O-O
6.e3 c6
7.Bf1e2 Nb8d7
8.O-O Rf8e8
9.Rf1e1 Nf6e4
10.Bg5xe7 Qd8xe7
11.Nc3xe4 dxe4
12.Nf3d2 e5
13.Nd2xe4 exd4
14.Be2d3 Nd7f6
15.Ne4xf6 Qe7xf6
16.exd4 Re8xe1
17.Qd1xe1 Bc8e6
18.Qe1e4 g6
19.Ra1d1 Be6f5
20.Qe4f4 Kg7
21.Bd3xf5 Qf6xf5
22.Qf4xf5 gxf5
23.f4 Ra8d8
24.Kf2 Kf6
25.b3 Ke6
26.Rd1d2 Kd6
27.Kf3 Rd8e8
28.Kf2 Re8e4
29.g3 b6
30.b4 c5
31.dxc5 Kc6
32.cxb6 axb6
33.a3 Re4xc4
34.Rd2e2 Rc4c3
35.Re2e3 Rc3c2
36.Kg1 Rc2c1
37.Kg2 Rc1c2
38.Kh3 Kd6
39.Re3d3 Ke6
40.Rd3e3 Kf6
41.Re3d3 Rc2c6
42.Kh4 Rc6c2
43.h3 Rc2c6
44.Rd3d4 Kg7
45.Kg5 Rc6c3
46.Kxf5 Rc3xa3
47.Kg4 h5
48.Kh4 Kg6
49.Rd4d6 Kg7
50.Rd6xb6 f6
51.Rb6b7 Kg6
52.b5 Ra3b3
53.b6 Kf5
54.Rb7b8 Kg6
55.b7 Kg7
56.Kxh5 Rb3xg3
57.Kh4 Rg3b3
58.Kg4 Rb3b1
59.Kh5 Rb1b5
60.Kg4 Rb5b3
61.h4 Rb3b5
62.h5 f5
63.Kg5 Kh7
64.Rb8f8 Rb5xb7
65.Rf8xf5 Rb7g7
66.Kh4 Rg7g1
67.Rf5f7 Kh6
68.Rf7f6 Kg7
69.Rf6f5 Kh6
70.Rf5g5 Rg1h1
71.Kg4 Rh1g1
72.Kf5 Rg1a1
73.Rg5g8 Ra1a5
74.Ke6 Kxh5
75.f5 Ra5a6
76.Kd7 Ra6f6
77.Rg8h8 { draw }
1/2-1/2

[Event "Tourn. n8972"]
[Site "www.chess-mail.com"]
[Date "2016.10.02"]
[Round "1"]
[White "Bojan"]
[Black "4m6az"]
[WhiteElo "1910"]
[BlackElo "1880"]
[Result "1-0"]
[Round "1"]
1.e4 c6
2.d4 d5
3.e5 h5
4.h4 Bc8f5
5.Ng1e2 f6
6.Ne2g3 Bf5g6
7.f4 fxe5
8.dxe5 e6
9.Bc1e3  { time }
1-0

[Event "Tourn. n8922"]
[Site "www.chess-mail.com"]
[Date "2016.10.02"]
[Round "1"]
[White "Xkafi"]
[Black "Osopanda"]
[WhiteElo "1870"]
[BlackElo "1990"]
[Result "1-0"]
[Round "1"]
1.e4 c5
2.Bf1c4 e6
3.d4 cxd4
4.Qd1xd4 Nb8c6
5.Qd4d1 d5
6.exd5 exd5
7.Bc4xd5 Bf8b4
8.c3 Bb4d6
9.Qd1f3 Ng8f6
10.Bd5xc6 bxc6
11.Qf3xc6 Qd8d7
12.Qc6xa8 O-O
13.Qa8f3 Rf8e8
14.Bc1e3 Bc8b7
15.Qf3h3 Qd7xh3
16.Ng1xh3 Bb7xg2
17.Rh1g1 Bg2xh3
18.Nb1d2 Nf6d5
19.Nd2c4 Bd6c5
20.O-O-O Nd5xe3
21.fxe3 Bh3e6
22.b3 Be6xc4
23.bxc4 Bc5xe3
24.Kc2 Be3xg1
25.Rd1xg1 Re8e2
26.Kb3 Re2xh2
27.c5 Kf8
28.a4 Rh2h6
29.Kb4 f5
30.Kb5 a6
31.Kc4 f4
32.Kd5 f3
33.Rg1f1 Rh6f6
34.Rf1f2 g5
35.c6 Ke8
36.Kc5 Kd8
37.Kb6 g4
38.Kb7 g3
39.c7 Ke7
40.c8Q gxf2
41.Qc8c5 Ke6
42.Qc5xf2 Rf6f7
43.Kxa6 { resign }
1-0

[Event "Tourn. n8941"]
[Site "www.chess-mail.com"]
[Date "2016.10.02"]
[Round "1"]
[White "Andychesston"]
[Black "Libiesse"]
[WhiteElo "1960"]
[BlackElo "1970"]
[Result "1-0"]
[Round "1"]
1.e4 c5
2.Ng1f3 e6
3.d4 cxd4
4.Nf3xd4 Ng8f6
5.Nb1c3 d6
6.Bf1b5 Bc8d7
7.Bc1g5 Bf8e7
8.Bb5xd7 Qd8xd7
9.Qd1f3 Nb8c6
10.Ra1d1 a6
11.O-O Nc6e5
12.Qf3e2 Ra8c8
13.f4 Ne5c6
14.Nd4xc6 bxc6
15.e5 Qd7a7
16.Kh1 dxe5
17.fxe5 Nf6d5
18.Bg5xe7 Kxe7
19.Nc3e4 Nd5e3
20.Qe2f2 Rc8c7
21.Qf2xf7 { resign }
1-0

[Event "Tourn. n8970"]
[Site "www.chess-mail.com"]
[Date "2016.10.02"]
[Round "1"]
[White "4m6az"]
[Black "Al3x"]
[WhiteElo "1910"]
[BlackElo "1930"]
[Result "0-1"]
[Round "1"]
1.e4 e6
2.b3 c5
3.Bc1b2 Nb8c6
4.Qd1g4 Ng8f6
5.Qg4g5 Nf6xe4
6.Qg5g4 Ne4f6
7.Bb2xf6 Qd8xf6
8.Nb1c3 d5
 { time }
0-1

[Event "Tourn. n8980"]
[Site "www.chess-mail.com"]
[Date "2016.10.02"]
[Round "1"]
[White "Egdiogel"]
[Black "Goofy"]
[WhiteElo "2270"]
[BlackElo "2340"]
[Result "0-1"]
[Round "1"]
1.e4 c5
2.Ng1f3 e6
3.d4 cxd4
4.Nf3xd4 Nb8c6
5.Nb1c3 Qd8c7
6.Bf1e2 a6
7.f4 b5
8.Be2f3 Nc6xd4
9.Qd1xd4 Bc8b7
10.Bc1e3 Ra8c8
11.O-O-O b4
{ resign }
0-1

[Event "Tourn. n8918"]
[Site "www.chess-mail.com"]
[Date "2016.10.02"]
[Round "1"]
[White "Guidom"]
[Black "Osopanda"]
[WhiteElo "2030"]
[BlackElo "2000"]
[Result "1/2-1/2"]
[Round "1"]
1.e4 g6
2.d4 Bf8g7
3.c3 c5
4.e5 cxd4
5.cxd4 a6
6.Nb1c3 Nb8c6
7.Ng1f3 d6
8.Bc1f4 dxe5
9.dxe5 Qd8xd1
10.Ra1xd1 Ng8h6
11.Nc3d5 O-O
12.a3 Nh6f5
13.Bf1c4 b5
14.Bc4b3 e6
15.Nd5c3 Bc8b7
16.O-O Nc6e7
17.g4 Nf5h6
18.Bf4xh6 Bb7xf3
19.Bh6xg7 Kxg7
20.Rd1d7 Ne7c6
21.h3 Nc6xe5
22.Rd7c7 Ne5c4
23.Bb3xc4 bxc4
24.Rc7xc4 Rf8c8
25.Rc4xc8 Ra8xc8
26.Rf1e1 Rc8b8
27.b4 a5
28.Re1b1 axb4
29.axb4 f6
30.Nc3a4 Bf3d5
31.Na4c5 h5
32.gxh5 gxh5
33.Kf1 Kf7
34.b5 Ke7
35.b6 Kd6
36.Nc5a4 f5
37.Na4c3 Kc6
38.Ke2 Rb8xb6
39.Rb1xb6 Kxb6
40.Ke3 Kc5
41.Kf4 Bd5g2
42.h4 Kd6
43.Nc3e2 Bg2h3
44.Ne2g3 Bh3g4
45.f3 e5
46.Kg5 Bg4xf3
47.Ng3xf5 Ke6
48.Nf5e3 e4
49.Kf4 Kf6
50.Ne3d5 Kg6
51.Nd5e3 { draw }
1/2-1/2

[Event "Match"]
[Site "www.echecsemail.com"]
[Date "2016.10.02"]
[Round "1"]
[White "Billyg"]
[Black "Redabond"]
[WhiteElo "1670"]
[BlackElo "1680"]
[Result "1-0"]
[Round "1"]
1.e4 e5
2.Ng1f3 Nb8c6
3.d4 exd4
4.Nf3xd4 Bf8c5
5.c3 Bc5xd4
6.cxd4 Qd8h4
7.Qd1d3 Ng8f6
8.Nb1d2 O-O
9.Nd2f3 Nf6xe4
10.Nf3xh4 Rf8e8
11.Bc1e3 Nc6b4
12.Qd3b3 Nb4c6
13.f3 Ne4f6
14.Bf1c4 Re8e7
15.O-O-O d6
16.Be3g5 Bc8e6
17.Bc4xe6 fxe6
18.Nh4f5 Re7f7
19.Nf5e3 Ra8b8
20.d5 exd5
21.Bg5xf6 Rf7xf6
22.Ne3xd5 Rf6g6
23.Nd5f4 Kf8
24.Nf4xg6 hxg6
25.Qb3a3 a6
26.Qa3a4 Rb8a8
27.Rh1e1 Nc6e5
28.f4 Ne5c6
29.Qa4c2 Kf7
30.Qc2e2 Kg8
31.Qe2e6 { resign }
1-0

[Event "Match"]
[Site "www.echecsemail.com"]
[Date "2016.10.02"]
[Round "1"]
[White "Sonny1000"]
[Black "Whitekknight"]
[WhiteElo "1360"]
[BlackElo "1970"]
[Result "0-1"]
[Round "1"]
1.e4 e5
2.g3 Ng8f6
3.f3 Bf8c5
4.Ng1e2 Nb8c6
5.c3 a5
6.Bf1h3 d5
7.Qd1a4 Bc8xh3
8.Qa4b5 Bc5b6
9.Ne2g1 Bh3g2
10.Qb5e2 Bg2xh1
11.Qe2d3 Bb6xg1
12.Kf1 Bg1xh2
13.Qd3e2 Bh2xg3
14.Kg1 Bh1xf3
15.Qe2xf3 Nf6xe4
16.Qf3g4 Qd8f6
17.d4 Qf6f2
18.Kh1 Qf2h2
{ resign }
0-1

[Event "Match"]
[Site "www.echecsemail.com"]
[Date "2016.10.02"]
[Round "1"]
[White "Chapi"]
[Black "Joseph1983"]
[WhiteElo "2130"]
[BlackElo "2090"]
[Result "0-1"]
[Round "1"]
1.d4 d5
2.c4 c6
3.Nb1c3 Ng8f6
4.cxd5 cxd5
5.Ng1f3 Nb8c6
6.Bc1g5 e6
7.e3 Qd8b6
8.Qd1c2 Bc8d7
9.Bf1d3 Nc6b4
10.Qc2d2 Nb4xd3
11.Qd2xd3 Qb6xb2
12.O-O Ra8c8
13.Rf1c1 Nf6e4
14.Nc3e2 Rc8xc1
15.Ne2xc1 Qb2xa1
{ resign }
0-1

[Event "Match"]
[Site "www.echecsemail.com"]
[Date "2016.10.02"]
[Round "1"]
[White "Sonny1000"]
[Black "Prize640"]
[WhiteElo "1360"]
[BlackElo "1799"]
[Result "0-1"]
[Round "1"]
1.e4 c5
2.c4 e6
3.e5 Nb8c6
4.Qd1a4 Nc6xe5
5.h4 Ng8f6
6.Bf1e2 Bf8e7
7.g3 O-O
8.Qa4b5 d5
9.cxd5 Qd8xd5
10.Rh1h2 Bc8d7
11.Qb5a5 Ne5d3
12.Kd1 Nf6e4
13.h5 Ne4xf2
14.Kc2 Nd3e1
15.Kc3 Qd5d4
16.Kb3 c4
17.Be2xc4 Rf8c8
18.Rh2h4 Be7xh4
19.Qa5c3 Bd7a4
20.Kxa4 Rc8xc4
21.b4 Rc4xc3
22.dxc3 Qd4d1
23.Kb5 a6
24.Kb6 Bh4d8
25.Kxb7 Qd1d5
{ resign }
0-1

[Event "Match"]
[Site "www.echecsemail.com"]
[Date "2016.10.02"]
[Round "1"]
[White "Stevep84"]
[Black "Faerieking"]
[WhiteElo "2210"]
[BlackElo "2220"]
[Result "1-0"]
[Round "1"]
1.e4 c5
2.Ng1f3 d6
3.d4 cxd4
4.Nf3xd4 Ng8f6
5.Nb1c3 a6
6.Bc1e3 Nb8d7
7.f3 b5
8.Bf1e2 Bc8b7
9.O-O e6
10.Be2d3 Nd7c5
11.b4 Nc5xd3
12.Qd1xd3  { time }
1-0

[Event "1/64 Finale"]
[Site "www.chess-mail.com"]
[Date "2016.10.02"]
[Round "1"]
[White "Sik"]
[Black "Papaours"]
[WhiteElo "1870"]
[BlackElo "2259"]
[Result "0-1"]
[Round "1"]
1.c4 f5
2.Nb1c3 Ng8f6
3.g3 g6
4.Bf1g2 Bf8g7
5.d4 O-O
6.Bc1f4 d6
7.Ng1f3 Qd8e8
8.O-O Nf6h5
 { time }
0-1

[Event "1/32 Finale"]
[Site "www.chess-mail.com"]
[Date "2016.10.02"]
[Round "1"]
[White "Sandokam"]
[Black "Paaliaq"]
[WhiteElo "2240"]
[BlackElo "2600"]
[Result "0-1"]
[Round "1"]
1.e4 d6
2.d4 Ng8f6
3.Bf1d3 e5
4.d5 Nb8d7
5.c4 Nd7c5
6.f3 Nf6h5
7.g3 Nc5xd3
8.Qd1xd3 Bf8e7
9.Bc1e3 O-O
10.Nb1c3 f5
11.O-O-O a6
12.Ng1e2 b5
13.Rh1g1 fxe4
14.fxe4 Rf8f3
15.cxb5 Rf3xe3
{ resign }
0-1

[Event "1/128 Finale"]
[Site "www.chess-mail.com"]
[Date "2016.10.02"]
[Round "1"]
[White "Luban"]
[Black "Prize640"]
[WhiteElo "1990"]
[BlackElo "1799"]
[Result "0-1"]
[Round "1"]
1.d4 Ng8f6
2.c4 g6
3.Nb1c3 Bf8g7
4.Ng1f3 O-O
5.e4 d6
6.h3 e5
7.dxe5 dxe5
8.Qd1xd8 Rf8xd8
9.Nf3xe5 Rd8e8
10.Bc1f4 Nf6h5
11.Bf4h2 Bg7xe5
12.Bh2xe5 Re8xe5
13.O-O-O Re5e8
14.f3 Nh5g3
15.Rh1g1 Ng3xf1
16.Rg1xf1 Bc8e6
17.b3 c6
18.Rd1d2 Nb8a6
19.Rf1d1 Kf8
20.Nc3e2 Na6c5
21.Ne2f4 a5
22.Nf4xe6 Nc5xe6
23.Kc2 Ra8d8
{ resign }
0-1

[Event "Tourn. n8769"]
[Site "www.chess-mail.com"]
[Date "2016.10.03"]
[Round "1"]
[White "Prize64"]
[Black "Piekki"]
[WhiteElo "2350"]
[BlackElo "2310"]
[Result "0-1"]
[Round "1"]
1.e4 c5
2.Ng1f3 Nb8c6
3.Bf1b5 g6
4.O-O Bf8g7
5.c3 e6
6.d4 cxd4
7.cxd4 Ng8e7
8.Nb1c3 a6
9.Bb5a4 b5
10.Ba4b3 b4
11.Nc3e2 Bc8b7
12.Bc1e3 O-O
13.Ne2g3 d6
14.Ra1c1 Ra8c8
15.h3 d5
16.e5 h6
17.Qd1d2 Kh7
18.Bb3c2 Ne7f5
19.Ng3xf5 exf5
20.Nf3h2 Qd8h4
21.Nh2f3 Qh4d8
22.Qd2e2 f6
23.Be3f4 Rf8e8
24.Bc2a4 Re8e6
25.Rf1d1 fxe5
26.Bf4xe5 Nc6xd4
27.Rd1xd4 Rc8xc1
28.Kh2 Qd8e7
29.Qe2d2 Rc1c8
30.Be5xg7 Kxg7
31.Rd4xb4 Re6e2
32.Qd2d4 Kh7
33.Rb4b3 Rc8c4
34.Qd4a7 Rc4c7
35.Qa7b6 d4
 { time }
0-1

[Event "Tourn. n8965"]
[Site "www.chess-mail.com"]
[Date "2016.10.03"]
[Round "1"]
[White "Vasylpuzanov"]
[Black "Cernunnoss"]
[WhiteElo "1820"]
[BlackElo "1609"]
[Result "0-1"]
[Round "1"]
1.e4 d5
2.exd5 Qd8xd5
3.Nb1c3 Qd5a5
4.d4 c6
5.Bc1d2 Ng8f6
6.Ng1f3 Bc8f5
7.Bf1e2 e6
 { time }
0-1

[Event "Tourn. n8858"]
[Site "www.chess-mail.com"]
[Date "2016.10.03"]
[Round "1"]
[White "Huw"]
[Black "Ejner"]
[WhiteElo "2320"]
[BlackElo "2440"]
[Result "0-1"]
[Round "1"]
1.d4 d5
2.c4 dxc4
3.Ng1f3 Ng8f6
4.e3 e6
5.Bf1xc4 c5
6.O-O a6
7.a4 Nb8c6
8.Nb1c3 Bf8e7
9.dxc5 Qd8xd1
10.Rf1xd1 Be7xc5
11.a5 Bc5b4
12.Nc3a4 Bb4xa5
13.Na4c5 Ba5b6
14.Nc5a4 Bb6a7
15.Na4c3 O-O
16.b3 Bc8d7
17.Bc1b2 Rf8d8
18.Rd1d2 Bd7e8
19.Ra1d1 Rd8xd2
20.Rd1xd2 Ra8d8
21.Rd2xd8 Nc6xd8
22.Nf3e5 Nd8c6
23.Nc3e2 Nf6e4
24.Bc4d3 Ne4c5
25.Bd3c2 Nc6b4
26.Bc2b1 Nc5xb3
27.Ne5f3 Be8b5
28.Ne2c3 Bb5d3
29.Bb2a3 Bd3xb1
30.Nc3xb1 Nb4c2
31.Ba3b2 f6
32.Kf1 Kf7
33.Ke2 Nc2b4
34.Nb1c3 e5
35.Nc3e4 Ke6
36.Bb2a3 a5
37.Ba3xb4 axb4
38.Kd1 Nb3c5
39.Ne4d2 Kd5
40.Kc2 e4
41.Nf3d4 Nc5d3
42.Kb3 Ba7xd4
43.exd4 Kxd4
{ resign }
0-1

[Event "Tourn. n8973"]
[Site "www.chess-mail.com"]
[Date "2016.10.03"]
[Round "1"]
[White "Foxy100"]
[Black "Libiesse"]
[WhiteElo "2210"]
[BlackElo "2020"]
[Result "1-0"]
[Round "1"]
1.e4 c5
2.Ng1f3 e6
3.d4 cxd4
4.Nf3xd4 Ng8f6
5.Nb1c3 d6
6.Bf1e2 Bf8e7
7.O-O Nb8c6
8.Bc1e3 O-O
9.f4 d5
10.exd5 Nf6xd5
11.Nc3xd5 Qd8xd5
12.Be2f3 Qd5d7
13.Nd4xc6 bxc6
14.Qd1xd7 Bc8xd7
15.Ra1d1 Rf8d8
16.Rd1xd7 Rd8xd7
17.Bf3xc6 Rd7d8
18.Bc6xa8 Rd8xa8
19.Rf1d1 a6
20.c4 Ra8c8
21.Rd1d7 Be7f6
22.b3 Kf8
23.Kf2 Ke8
24.Rd7b7 Bf6c3
25.Kf3 h6
26.g4 f5
27.Rb7b6 Rc8a8
28.Rb6xe6 Kf7
29.gxf5 a5
30.c5 a4
31.c6 axb3
32.axb3 Bc3a5
33.Be3c5 Ba5c7
34.Re6e7 { resign }
1-0

[Event "Tourn. n8860"]
[Site "www.chess-mail.com"]
[Date "2016.10.03"]
[Round "1"]
[White "Robinjut"]
[Black "Cal"]
[WhiteElo "1540"]
[BlackElo "1600"]
[Result "0-1"]
[Round "1"]
1.e4 e5
2.Ng1f3 d6
3.Nb1c3 a6
4.d3 h6
5.h3 Ng8f6
6.Bf1e2 Nb8c6
7.a3 Bf8e7
8.O-O O-O
9.Nc3d5 Bc8e6
10.c4 b6
11.Nd5xf6 Be7xf6
12.Bc1e3 Nc6e7
13.Qd1b3 c6
14.Be3xb6 Qd8d7
15.Ra1d1 Ra8b8
16.a4 d5
17.exd5 cxd5
18.a5 d4
19.Qb3c2 Ne7f5
20.Bb6c5 Rf8c8
21.b4 Rc8c6
22.Qc2a4 Qd7c7
23.b5 Rc6xc5
24.b6 Qc7d6
25.Rd1b1 h5
26.b7 Nf5h6
27.Rb1b6 Qd6e7
28.Rb6xa6 Rb8xb7
29.Ra6a8 Kh7
30.a6 Rb7a7
31.Ra8xa7 Qe7xa7
32.Rf1b1 Be6d7
33.Qa4a3 Nh6f5
34.Qa3b4 Bf6e7
35.Qb4b7 Rc5c7
36.Qb7e4 Rc7c5
37.Qe4xf5 { time. }
0-1

[Event "Tourn. n8954"]
[Site "www.chess-mail.com"]
[Date "2016.10.03"]
[Round "1"]
[White "Mitja"]
[Black "Libiesse"]
[WhiteElo "1900"]
[BlackElo "1930"]
[Result "0-1"]
[Round "1"]
1.d4 d5
2.e3 e6
3.Ng1f3 Ng8f6
4.c3 c5
5.dxc5 Bf8xc5
6.Nb1d2 Nb8c6
7.Nd2b3 Bc5d6
8.Bf1b5 Bc8d7
9.Bb5e2 O-O
10.h3 a6
11.O-O Ra8b8
12.Nb3d4 b5
13.b3 Nc6a5
14.Bc1b2 Qd8e7
15.Qd1c2 Rf8c8
16.Ra1c1 Rc8c7
17.Nf3d2 Rb8c8
18.c4 bxc4
19.bxc4 dxc4
20.Bb2c3 Bd6b4
21.Bc3xb4 Qe7xb4
22.Qc2c3 Qb4c5
23.Nd4f3 Nf6d5
24.Qc3d4 Kf8
25.Rf1e1 Bd7b5
26.Qd4e4 c3
27.Nd2b3 Na5xb3
28.axb3 Bb5xe2
29.Re1xe2 Qc5a3
30.Re2e1 Qa3xb3
31.Nf3d4 Qb3b6
32.Qe4xh7 Nd5f6
33.Qh7h8 Ke7
34.Qh8xg7 Rc8g8
35.Qg7h6 Rc7c5
36.Nd4f3 Rc5h5
37.Qh6f4 Rh5xh3
38.Rc1xc3 Nf6d5
39.Qf4e5 Nd5xc3
40.Qe5xc3 Rh3xf3
41.Qc3a3 Qb6d6
42.Qa3a4 Rf3f5
43.Qa4h4 Ke8
44.Qh4h7 Rf5g5
45.g3 Qd6d5
46.Re1b1 Rg5xg3
47.fxg3 Rg8xg3
48.Kf1 Qd5f3
49.Ke1 Qf3xe3
50.Kd1 Rg3g1
51.Kc2 Qe3e2
52.Kb3 Qe2b5
53.Ka2 Qb5xb1
54.Qh7xb1 Rg1xb1
{ resign }
0-1

[Event "Tourn. n8947"]
[Site "www.chess-mail.com"]
[Date "2016.10.03"]
[Round "1"]
[White "Ison"]
[Black "Picifarkinca"]
[WhiteElo "2000"]
[BlackElo "2040"]
[Result "1-0"]
[Round "1"]
1.e4 c6
2.d4 d5
3.Nb1c3 dxe4
4.Nc3xe4 Nb8d7
5.Ng1f3 Ng8f6
6.Bf1d3 Nf6xe4
7.Bd3xe4 Nd7f6
8.Be4d3 e6
9.O-O Bf8e7
10.Bc1f4 O-O
11.Rf1e1 Qd8b6
12.Ra1b1 Rf8d8
13.c3 h6
14.Qd1c2 Bc8d7
15.Nf3e5 Bd7e8
16.h3 Ra8c8
17.Rb1d1 Nf6d5
18.Bf4g3 Be7f6
19.Ne5c4 { resign }
1-0

[Event "Tourn. n8912"]
[Site "www.chess-mail.com"]
[Date "2016.10.03"]
[Round "1"]
[White "Faerieking"]
[Black "Szustan"]
[WhiteElo "2220"]
[BlackElo "2590"]
[Result "0-1"]
[Round "1"]
1.e4 e5
2.Ng1f3 Nb8c6
3.Bf1c4 Ng8f6
4.Nf3g5 d5
5.exd5 b5
6.Bc4f1 Nc6d4
7.c3 Nf6xd5
8.Ng5e4 Qd8h4
9.Ne4g3 Bc8g4
 { time }
0-1

[Event "Match"]
[Site "www.echecsemail.com"]
[Date "2016.10.03"]
[Round "1"]
[White "Osvalazo"]
[Black "Pariolinius"]
[WhiteElo "1690"]
[BlackElo "1800"]
[Result "1-0"]
[Round "1"]
1.Ng1f3 d5
2.d4 Ng8f6
3.Bc1g5 Nb8c6
4.Nb1c3 e6
5.Qd1d2 Bf8d6
6.a3 O-O
7.O-O-O Bc8d7
8.h4 Bd6e7
9.Bg5f4 a6
10.h5 Nc6a5
11.h6 g6
12.Bf4e5 Na5c4
13.Qd2d3 b5
14.g3 Nc4xe5
15.Nf3xe5 Bd7e8
16.Bf1g2 Be7d6
17.Qd3f3 c5
18.Ne5g4 Nf6xg4
19.Qf3xg4 Be8d7
20.Qg4f3 b4
21.axb4 cxb4
22.Nc3b1 Qd8g5
23.e3 Ra8c8
24.Nb1d2 b3
25.Nd2xb3 Bd7a4
26.Nb3a1 Qg5e7
27.Rd1d2 Bd6b4
28.Rd2e2 Rc8c6
29.e4 Qe7d7
30.Qf3f6 { resign }
1-0

[Event "Match"]
[Site "www.echecsemail.com"]
[Date "2016.10.03"]
[Round "1"]
[White "Pinehill"]
[Black "4m6az"]
[WhiteElo "2060"]
[BlackElo "1960"]
[Result "1-0"]
[Round "1"]
1.e4 e6
2.d4 d5
3.Nb1d2 a6
4.c3 b5
5.Ng1f3 Bc8b7
6.Bf1d3 g6
7.O-O c5
8.exd5 c4
9.Bd3xg6  { time }
1-0

[Event "1/64 Finale"]
[Site "www.chess-mail.com"]
[Date "2016.10.03"]
[Round "1"]
[White "Bluetealeaf"]
[Black "Hennie4820"]
[WhiteElo "1790"]
[BlackElo "1960"]
[Result "0-1"]
[Round "1"]
1.e4 c5
2.d4 cxd4
3.Qd1xd4 Nb8c6
4.Qd4e3 e6
5.c3 d6
6.Bf1d3 Ng8f6
7.f3 Bf8e7
8.Nb1d2 Qd8c7
9.Qe3g5 O-O
10.h4 h6
11.Qg5g3 Nf6h5
12.Qg3f2 e5
13.Nd2c4 b5
14.Nc4e3 a6
15.g4 Nh5f4
16.Bd3c2 Bc8b7
17.Ne3f5 Be7f6
18.g5 hxg5
19.h5 Nc6e7
20.Nf5xg7 Kxg7
21.h6 Kh7
22.Bc1d2 Ne7g6
23.Ng1h3 Rf8g8
24.O-O-O Ra8c8
25.Rd1g1 Qc7e7
26.Nh3xf4 Ng6xf4
27.Rg1g4 b4
28.Qf2e3 bxc3
29.Bd2xc3 Rg8g6
30.Bc3b4 Rg6xh6
31.Rh1xh6 Kxh6
32.Qe3d2 Kg7
33.Qd2h2 Rc8h8
34.Qh2d2 Rh8h1
35.Bc2d1 Bb7c8
36.Rg4g3 Qe7c7
37.Bb4c3 Qc7c4
38.b3 Nf4e2
39.Kc2 Qc4xc3
40.Qd2xc3 Ne2xc3
41.Kxc3 Rh1xd1
42.Kc2 Rd1f1
43.a4 a5
44.Kc3 Bc8a6
45.b4 axb4
46.Kxb4 Ba6e2
47.a5 Rf1xf3
48.Rg3xf3 Be2xf3
49.a6 Bf3xe4
50.Kc4 g4
51.a7 g3
{ resign }
0-1